La industria del salitre i del yodo
Uloženo v:
| Hlavní autor: | |
|---|---|
| Médium: | Kniha |
| Jazyk: | španělština |
| Vydáno: |
Santiago
Imprenta Cervantes
1914
|
| Vydání: | 1a. ed |
| Témata: | |
| Tagy: |
Přidat tag
Žádné tagy, Buďte první, kdo vytvoří štítek k tomuto záznamu!
|
MARC
| LEADER | 00000nam a2200000 a 4500 | ||
|---|---|---|---|
| 001 | UCJ6004 | ||
| 003 | CL-VaPUC | ||
| 008 | 070124e19141031CL |||||||||||||||||spa|d | ||
| 082 | 0 | 4 | |a 918.3 |b KAE |2 21 |
| 100 | |a Kaempffer, Enrique |e author |9 512107 | ||
| 245 | 1 | 3 | |a La industria del salitre i del yodo |
| 250 | |a 1a. ed | ||
| 300 | |a 2 v | ||
| 942 | |c BK | ||
| 945 | |d 20070124 00:00:00 |a rinostro | ||
| 260 | |a Santiago |b Imprenta Cervantes |c 1914 | ||
| 500 | |a Con 100 ilustraciones i 1.220 pájs. de testo. Comprende además: Anexos A, B, C, con 96 pájs. de testo, i glosario de 1.200 voces técnicas con 144 pájs. de testo. 1907-1914 | ||
| 500 | |a Advierte errata.- Glosario o jerga empleada por los trabajadores del salitre; galería de 27 personalidades relacionadas con la industria del salitre; ilustraciones sin indizar.- Muy completa y pormenorizada obra sobre el tema | ||
| 600 | 0 | |a Balmaceda Fernández, José Manuel, |d 1840-1891 |9 315369 | |
| 600 | 0 | 7 | |a ALDUNATE, LUIS |2 CL-VaPUC |9 512108 |
| 600 | 0 | 7 | |a VICUÑA, MANUEL JOSE |2 CL-VaPUC |9 512109 |
| 600 | 0 | 7 | |a BILLINGHURST, GUILLERMO E |2 CL-VaPUC |9 512110 |
| 600 | 0 | 7 | |a BALMACEDA, J. ELIAS |2 CL-VaPUC |9 512111 |
| 600 | 0 | 7 | |a OSSA, JOSE SANTOS |2 CL-VaPUC |9 508267 |
| 600 | 0 | |a Vicuña Mackenna, Benjamín, |d 1831-1886 |x Político e historiador |z Chile |9 374 | |
| 600 | 0 | 7 | |a GARLAND, ANDRES |2 CL-VaPUC |9 512112 |
| 600 | 0 | 7 | |a ALMEIDA, DIEGO DE |2 CL-VaPUC |9 512113 |
| 600 | 0 | 7 | |a PUELMA, FRANCISCO |2 CL-VaPUC |9 510426 |
| 600 | 0 | 7 | |a OLIVA, DANIEL |2 CL-VaPUC |9 512114 |
| 600 | 0 | 7 | |a BARAZARTE, RAFAEL |2 CL-VaPUC |9 504999 |
| 600 | 0 | 7 | |a PRIETO, MANUEL ANTONIO |2 CL-VaPUC |9 512115 |
| 600 | 0 | 7 | |a JULLIAN, GUSTAVO |2 CL-VaPUC |9 512116 |
| 600 | 0 | 7 | |a OSSA RUIZ, MANUEL |2 CL-VaPUC |9 512117 |
| 600 | 0 | 7 | |a SAN ROMAN, FRANCISCO |2 CL-VaPUC |9 512118 |
| 600 | 0 | 7 | |a HUMBERSTONE, SANTIAGO |2 CL-VaPUC |9 512098 |
| 600 | 0 | 7 | |a CAVALLERO, EDUARDO |2 CL-VaPUC |9 512119 |
| 600 | 0 | 7 | |a LACALLE, MAURO |2 CL-VaPUC |9 512120 |
| 600 | 0 | 7 | |a RIED, ARNOLDO |2 CL-VaPUC |9 512121 |
| 600 | 0 | 7 | |a GRANJA, MATIAS |2 CL-VaPUC |9 512122 |
| 600 | 0 | 7 | |a DOMINGUEZ, BALTASAR |2 CL-VaPUC |9 512123 |
| 600 | 0 | 7 | |a NORDENFLYNCH, ROBERTO DE |2 CL-VaPUC |9 512124 |
| 600 | 0 | 7 | |a GAMBONI, PEDRO |2 CL-VaPUC |9 512125 |
| 600 | 0 | 7 | |a HERRMANN, ALBERTO |2 CL-VaPUC |9 512126 |
| 600 | 0 | 7 | |a PUELMA TUPPER, ALFREDO |2 CL-VaPUC |9 512127 |
| 600 | 0 | 7 | |a BRIONES, NARCISO |2 CL-VaPUC |9 512128 |
| 600 | 0 | 7 | |a MARTENS, PABLO |2 CL-VaPUC |9 512129 |
| 600 | 0 | 7 | |a ZEGERS, LUIS L |2 CL-VaPUC |9 512130 |
| 600 | 0 | 7 | |a SERVAT, FRANCISCO |2 CL-VaPUC |9 512131 |
| 650 | 0 | |a Salitre |9 313872 | |
| 650 | 7 | |a SALITRERAS |2 CL-VaPUC |9 375452 | |
| 650 | 0 | |a Industria salitrera |9 440309 | |
| 650 | 0 | |a Química industrial |9 355322 | |
| 650 | 0 | |a Presidentes de Chile |9 268293 | |
| 650 | 0 | |a Iconografía |9 267998 | |
| 650 | 0 | |a Ilustraciones |9 369481 | |
| 650 | 7 | |a PLANOS |2 CL-VaPUC |9 260106 | |
| 650 | 0 | |a Autógrafos |9 446110 | |
| 650 | 0 | |a Historia de Chile |9 265473 | |
| 651 | 7 | |a COBIJA |2 CL-VaPUC |9 504212 | |
| 651 | 7 | |a COLOSO |2 CL-VaPUC |9 512132 | |
| 583 | |a last modification |c 20070124 00:00:00 |k Rodrigo Vera | ||
| 999 | |c 322112 |d 322110 | ||
| 952 | |0 0 |1 0 |4 0 |6 918_300000000000000_KAE_1914 |7 0 |8 X |9 401030 |a FDOBUD |b FDOBUD |d 2019-11-22 |h v.1 |i 1042467 |o 918.3 KAE 1914 |p 1042467 |r 2019-11-22 |w 2019-11-22 |y BK_X |k BUD | ||
| 952 | |0 0 |1 0 |4 0 |6 918_300000000000000_KAE_1914 |7 0 |8 X |9 401031 |a FDOBUD |b FDOBUD |d 2019-11-22 |h v.2 |i 1042475 |o 918.3 KAE 1914 |p 1042475 |r 2019-11-22 |w 2019-11-22 |y BK_X |k BUD | ||